000 00720cab a2200229 4500
001 X128192
008 041203n2004 000 0 eng u
035 _a(Sirsi) u128192
245 _aRegional survey: south Thames riverside boroughs
260 _c2004
490 _aProperty Week
_v69(44) 29 October 2004, 91-100(6)
590 _aABS
650 _aSOUTH THAMES RIVERSIDE BOROUGHS
650 _aLEISURE INDUSTRY
650 _aELEPHANT AND CASTLE
650 _aPROPERTY-COMMERCIAL PROPERTY-RETAIL PROPERTY-RETAIL PROPERTY MARKET
650 _aAPARTMENT HOTELS
650 _aREGENERATION
650 _aROYAL FESTIVAL HALL
690 _aPROPERTY-COMMERCIAL PROPERTY-COMMERCIAL PROPERTY MARKET
942 _n0
999 _c74646
_d74646